Нормален изглед
MARC изглед
- силози
Вход 08. Ключови думи
001 - Контролен номер на записа
- Контролно поле: 452644
003 - Код на организацията, даваща контролен номер
- Контролно поле: BLK
005 - Дата и час на последна промяна на записа
- Контролно поле: 20210510162644.0
008 - Данни с фиксирана дължина – обща информация
- Данни с фиксирана дължина : 210510|| aca||aabn | a|a d
153 ## - Ключови думи
- Ключова дума: силози
942 ## - Системна служебна употреба
- Koha auth type: KEW